000 02994ngm a2200445 4500
003 dpl
005 20100302151630.0
007 DVD
008 ||||||sp199 xxu|||||c ||| 00| 0 ng d
010 _a DVD-005757-5764 & DVD-006331
024 _aDVD-E 1495
_c99.00
035 _aDVD-006331`
035 _aDVD-005757-5764
040 _aDPL
_cDPL
082 _aDVD / 1947
245 _a1947 The Earth
_cDeepa Mehta Presents
_h[videorecording] DVD/
246 _aNinteen Forty Seven The Earth
260 _bEros International
300 _a1 videodisc DVD;( 105 Min)
_bsd., col. ;
_c4 3/4 in.
_fDVD
440 _aEros International
500 _aFrom the Director of Fire
538 _aDolby Digital 5.1 - Hindi Subtitles: English
650 _aMotion Picture
700 _aMehta, Deepa
700 _aAamir Khan
700 _aDass, Nandita
700 _aKhanna, Rahyul
942 _cCF
_2ddc
_hDVD
_m1947
999 _c34346
_d34346